Okresné vlastivedné múzeum v Rimavskej Sobote

Bibliographic Details
Main Author: Wágner, Eugen (Author)
Format: Article
Language:Slovak

MARC

LEADER 00000nab a2200000ua 4500
001 vtls010790827
003 SK-MaSNL
005 20260303120301.0
008 230131s1961 xo |||||||||||||||||slo|
035 |a (urnnbn)urn:nbn:sk:snk:ar-a01jbm 
035 |a (uuid)d99991e2-0962-4ebf-aa1c-ceb7911f9539 
035 |a urn:nbn:sk:snk-ab4eth 
040 |a SNKBUCL  |b slo  |c SNKBUCL  |e AACR2 
041 0 |a slo 
044 |a xo  |c SK 
100 1 |a Wágner, Eugen  |4 aut  |9 887700 
245 1 0 |a Okresné vlastivedné múzeum v Rimavskej Sobote  |c Eugen Wágner 
773 0 |t Vlastivedný časopis : časopis pre vlastivednú prácu, kultúrnu históriu, pamiatky a múzeá  |g Roč. 10, č. 3 (1961), s. 130-132 
954 |a odborná, vedecká literatúra pôvodná (slovenská)  |2 lita 
958 |a OND 
958 |a EUIPO 
958 |a article3 
999 |c 1908593  |d 1910523